| 000 | 00779nam a2200217 a 4500 | ||
|---|---|---|---|
| 999 |
_c3327 _d3327 |
||
| 001 | 3326 | ||
| 003 | BD-JhCC | ||
| 005 | 20171112192446.0 | ||
| 008 | 171011s1999 bg |||| |||| 000 0 ben d | ||
| 035 | _a(BD-JhCC) | ||
| 040 |
_aBD-JhCC _dBD-JhCC |
||
| 041 | _aben | ||
| 082 |
_a891.4409 _bSIK 1999 |
||
| 100 | _aজাফর, সিকানদার আবু | ||
| 245 |
_aসিকানদার আবু জাফর রচনাবলী / _cসিকানদার আবু জাফর ; আবদুল মান্নান সৈয়দ (সম্পাদিত) |
||
| 260 |
_aঢাকা : _bবাংলা একাডেমী ; _c১৯৯৭ |
||
| 300 |
_a৫৩৬ p. : _c22cm. |
||
| 650 | _aCollection of works | ||
| 942 |
_2ddc _cBK |
||